[Event "Osorno U2200 op"]
[Site "Osorno"]
[Date "2018.05.06"]
[Round "6.3"]
[White "Rus Trujillo, Sebastian"]
[Black "Alvarez Zambrano, Rodolfo"]
[Result "0-1"]
[WhiteElo "1591"]
[BlackElo "1446"]
[PlyCount "88"]
[EventDate "2018.05.05"]
[EventType "swiss"]
[EventRounds "6"]
[EventCountry "CHI"]
[SourceTitle "EXT 2024"]
[Source "ChessBase"]
[SourceDate "2023.10.10"]
[SourceVersion "1"]
[SourceVersionDate "2023.10.10"]
[SourceQuality "1"]

1. e4 c5 2. Nf3 Nc6 3. d4 cxd4 4. Nxd4 e6 5. Be3 a6 6. Nc3 d6 7. Be2 Nf6 8. Qd2 Be7 9. 0-0-0 0-0 10. g4 Qa5 11. Nb3 Qc7 12. g5 Nd7 13. f4 Nc5 14. f5 Nxb3+ 15. axb3 exf5 16. Nd5 Qd8 17. Nxe7+ Qxe7 18. Qxd6 Qxd6 19. Rxd6 fxe4 20. Bb6 Be6 21. Rhd1 Rac8 22. R1d2 Ne5 23. Rd8 Rfxd8 24. Rxd8+ Rxd8 25. Bxd8 Nf3 26. b4 Nxh2 27. b5 axb5 28. Bxb5 Bd5 29. b4 Bc6 30. Be2 b5 31. c4 bxc4 32. Bxc4 Bb7 33. Be7 Ng4 34. Kd2 g6 35. Bd6 Kg7 36. Be2 h5 37. Bb5 f5 38. Bd7 h4 39. b5 h3 40. Bc6 Bc8 41. b6 h2 42. Bxh2 Nxh2 43. b7 Bxb7 44. Bxb7 Nf3+ 0-1